000 00611cam a22002291 4500
001 ne 67001944
003 DLC
005 20260227111835.0
008 890514m19651969xx a 000 0 ara
010 _ane 67001944
035 _a(OCoLC)23499771
040 _aDLC
_cMiU
_dDLC
042 _apremarc
050 0 0 _aBP135
_b.A1512
100 1 _aTirmidhī, Muḥammad ibn ʻĪsá,
_d-892.
240 0 0 _aJāmiʻ al-ṣaḥīḥ.
245 1 0 _aSunan al-Tirmidhī.
260 _c1965-69 [v. 1, 1965 i.e. 1968; v. 10, 1968]
300 _a10 v. in 5. illus.
_c25 cm.
500 _aRomanized.
650 0 _aHadith
999 _c49867
_d49867